Healey announces further quarter of a billion pound affordable housing boost (Record no. 81855)

MARC details
000 -LEADER
fixed length control field 01184cad a22002175a 4500
001 - CONTROL NUMBER
control field L148466
008 - FIXED-LENGTH DATA ELEMENTS--GENERAL INFORMATION
fixed length control field 090922e20090910xxkd f f000 0 eng d
035 ## - SYSTEM CONTROL NUMBER
System control number (Sirsi) u148466
041 0# - LANGUAGE CODE
Language code of text/sound track or separate title eng
110 1# - MAIN ENTRY--CORPORATE NAME
Corporate name or jurisdiction name as entry element United Kingdom
Subordinate unit Department for Communities and Local Government
9 (RLIN) 4939
245 00 - TITLE STATEMENT
Title Healey announces further quarter of a billion pound affordable housing boost
Medium [electronic resource]
260 ## - PUBLICATION, DISTRIBUTION, ETC.
Date of publication, distribution, etc. 2009
490 ## - SERIES STATEMENT
Series statement DCLG News Release
Volume/sequential designation 10 September 2009
520 ## - SUMMARY, ETC.
Summary, etc. Reports that the Housing Minister has confirmed that £250m will be used to fund 3 400 affordable houses across England. The projects will include low rent homes and houses for first time buyers. Along with the council house building programme announced on 9 September 2009 (see L148460), these two schemes will provide a total of 5 400 new homes and create around 10 000 jobs.
590 ## - LOCAL NOTE (RLIN)
Local note KA NTK
650 24 - SUBJECT ADDED ENTRY--TOPICAL TERM
Topical term or geographic name entry element Affordable housing
9 (RLIN) 6215
651 #4 - SUBJECT ADDED ENTRY--GEOGRAPHIC NAME
Geographic name England
Chronological subdivision 886-
690 ## - LOCAL SUBJECT ADDED ENTRY--TOPICAL TERM (OCLC, RLIN)
Topical term or geographic name as entry element PROPERTY-RESIDENTIAL PROPERTY-DOMESTIC RESIDENTIAL PROPERTY-HOUSING
856 40 - ELECTRONIC LOCATION AND ACCESS
Uniform Resource Identifier <a href="https://www.communities.gov.uk/news/corporate/1331371">https://www.communities.gov.uk/news/corporate/1331371</a>
Public note View the press release free of charge at www.communities.gov.uk...
942 ## - ADDED ENTRY ELEMENTS (KOHA)
Suppress in OPAC 0
Holdings
Withdrawn status Lost status Source of classification or shelving scheme Damaged status Not for loan Home library Current library Shelving location Date acquired Total Checkouts Full call number Barcode Date last seen Copy number Price effective from Koha item type
    Dewey Decimal Classification     Virtual Virtual Online 22/09/2009   ONLINE PUBLICATION 148466-2001 06/08/2019 1 06/08/2019 Journal article